000 00921cam a2200265 a 4500
001 2543839
003 ARRUPE
005 20140328020011.0
008 941108s1995 mdu 000 0 eng
010 _a 94044031
020 _a0819198366 (cloth)
020 _a0819198374 (pbk.)
040 _aDLC
_cDLC
_dDLC
050 0 0 _aBS1560
_b.M29 1995
082 0 0 _a224/.906
_220
245 0 0 _aMany voices :
_bmulticultural responses to the Minor Prophets /
_cedited by Alice Ogden Bellis.
260 _aLanham :
_bUniversity Press of America,
_cc1995.
300 _a101 p. ;
_c22 cm.
630 0 0 _aBible.
_pMinor Prophets
_xCriticism, interpretation, etc.
_92807
630 0 0 _aBible.
_pMinor Prophets
_xMeditations.
_92808
700 1 _aBellis, Alice Ogden,
_d1950-
_92809
906 _a7
_bcbc
_corignew
_d1
_eocip
_f19
_gy-gencatlg
942 _2lcc
_cMONOGRAPH
_01
999 _c118416
_d118416